[Event "GBR-ch106"]
[Site "Torquay"]
[Date "2019.07.27"]
[Round "1.3"]
[White "Pert, Nicholas"]
[Black "Moore, Graham J"]
[Result "1-0"]
[WhiteElo "2563"]
[BlackElo "2264"]
[PlyCount "139"]
[EventDate "2019.07.27"]
[EventType "swiss"]
[EventRounds "9"]
[EventCountry "GBR"]

1. d4 d5 2. c4 e6 3. Nf3 Nf6 4. Nc3 Be7 5. Bf4 O-O 6. e3 b6 7. Bd3 dxc4 8. Bxc4
Ba6 9. Qe2 Bxc4 10. Qxc4 c5 11. dxc5 bxc5 12. O-O Nc6 13. Rfd1 Qa5 14. Qa4 Rfc8
15. Rac1 Qxa4 16. Nxa4 Nb4 17. a3 Nbd5 18. Be5 Nb6 19. Nc3 a6 20. Kf1 Ra7 21.
Rc2 Rb7 22. Rdc1 Nfd7 23. Bg3 Rd8 24. Nd2 Nf6 25. Ke2 h6 26. f3 Nfd5 27. Nce4
c4 28. Be5 f5 29. Nf2 c3 30. Bxc3 Nxc3+ 31. Rxc3 Na4 32. Rc8 Nxb2 33. Rxd8+
Bxd8 34. Rc8 Rd7 35. Rc6 a5 36. Nb3 e5 37. Rc2 Na4 38. Nd3 Bc7 39. e4 fxe4 40.
fxe4 Bd6 41. Nxa5 Bxa3 42. Nc4 Bd6 43. Ndxe5 Bxe5 44. Nxe5 Re7 45. Rc4 Rxe5 46.
Rxa4 Rb5 47. Ra3 Kf7 48. Kf3 Kf6 49. h4 Rb1 50. Ra6+ Ke5 51. Ra7 Rb3+ 52. Kg4
g6 53. Re7+ Kf6 54. Re8 Re3 55. Kf4 Re2 56. g3 Rf2+ 57. Ke3 Rg2 58. Kf3 Ra2 59.
Rb8 Ra1 60. Rb6+ Kf7 61. Kf4 Ra5 62. Rb7+ Kf6 63. Rb6+ Kf7 64. Rd6 g5+ 65. hxg5
hxg5+ 66. Kg4 Re5 67. Rd4 Kg6 68. Kf3 Re8 69. Rd6+ Kh5 70. g4+ 1-0

[Event "GBR-ch106"]
[Site "Torquay"]
[Date "2019.07.27"]
[Round "1.7"]
[White "Williams, Simon K"]
[Black "Merriman, John"]
[Result "1-0"]
[WhiteElo "2468"]
[BlackElo "2226"]
[PlyCount "117"]
[EventDate "2019.07.27"]
[EventType "swiss"]
[EventRounds "9"]
[EventCountry "GBR"]

1. d4 e6 2. Nf3 Nf6 3. c4 d5 4. Nc3 Be7 5. Bg5 O-O 6. e3 h6 7. Bf4 Nbd7 8. g4
Ne4 9. Qc2 Nxc3 10. bxc3 dxc4 11. Bxc4 Nb6 12. Bd3 Bd7 13. Rg1 Ba4 14. Qd2 Nd5
15. Bg3 c5 16. e4 Nf6 17. Be5 Nd7 18. Bf4 cxd4 19. cxd4 e5 20. Nxe5 Nxe5 21.
Bxe5 f6 22. Bc4+ Kh8 23. Bf4 Rc8 24. Bb3 Qb6 25. Kf1 Bb4 26. Qd1 Bb5+ 27. Kg2
Bc3 28. Rc1 Bxd4 29. Qf3 Bc6 30. Rgd1 Rcd8 31. Bd5 Be5 32. Be3 Qa6 33. Rd2 Bxd5
34. exd5 Rd7 35. Qe4 Rfd8 36. Rc4 b6 37. Rc1 Qb7 38. Rc6 Bd6 39. a4 Re7 40. Qc4
Qd7 41. h3 Rde8 42. Qb5 Re4 43. Rd4 Rxe3 44. fxe3 Rxe3 45. Qb1 Rg3+ 46. Kf2
Rxh3 47. Qf5 Qxf5+ 48. gxf5 Be5 49. Rd1 Rh5 50. d6 Rxf5+ 51. Ke3 Bxd6 52. Rcxd6
Ra5 53. R1d4 b5 54. R6d5 a6 55. Kf4 Kh7 56. Kf5 h5 57. Rc5 Kh6 58. Rd8 Kh7 59.
Rh8+ 1-0

[Event "GBR-ch106"]
[Site "Torquay"]
[Date "2019.07.27"]
[Round "1.16"]
[White "Holland, Chris KD"]
[Black "Eggleston, David J"]
[Result "0-1"]
[WhiteElo "2143"]
[BlackElo "2399"]
[PlyCount "62"]
[EventDate "2019.07.27"]
[EventType "swiss"]
[EventRounds "9"]
[EventCountry "GBR"]

1. e4 e6 2. d4 d5 3. Nc3 Nf6 4. Bg5 dxe4 5. Nxe4 Be7 6. Bxf6 gxf6 7. Nf3 f5 8.
Ng3 a6 9. Bd3 c5 10. O-O Nc6 11. dxc5 Qa5 12. Re1 Qxc5 13. Qe2 Bd7 14. c3 h5
15. Nd4 h4 16. Nb3 Qb6 17. Nf1 O-O-O 18. Nfd2 Qc7 19. Nc4 h3 20. g3 f4 21. Rad1
f5 22. Nd4 fxg3 23. Nxe6 gxf2+ 24. Qxf2 Rhg8+ 25. Kh1 Bxe6 26. Rxe6 Rg2 27.
Rxc6 Qxc6 28. Bxf5+ Kc7 29. Qf4+ Bd6 30. Rxd6 Rg1+ 31. Kxg1 Qg2# 0-1

[Event "GBR-ch106"]
[Site "Torquay"]
[Date "2019.07.27"]
[Round "1.21"]
[White "Bates, Richard A"]
[Black "Longson, Sarah N"]
[Result "1-0"]
[WhiteElo "2352"]
[BlackElo "2095"]
[PlyCount "69"]
[EventDate "2019.07.27"]
[EventType "swiss"]
[EventRounds "9"]
[EventCountry "GBR"]

1. d4 d5 2. c4 e6 3. Nf3 a6 4. cxd5 exd5 5. Nc3 Nf6 6. Bg5 Be6 7. e3 Nbd7 8.
Be2 h6 9. Bh4 g5 10. Bg3 Bg7 11. Ne5 c5 12. h4 cxd4 13. exd4 Ne4 14. Nxe4 dxe4
15. hxg5 hxg5 16. Rxh8+ Bxh8 17. Nc4 Bxc4 18. Bxc4 Nb6 19. Bb3 Bxd4 20. Qh5 Qf6
21. Rd1 Rd8 22. Qh7 Bc3+ 23. bxc3 Qxc3+ 24. Ke2 Qb2+ 25. Kf1 Rxd1+ 26. Bxd1
Qb5+ 27. Kg1 Qb1 28. Qg8+ Ke7 29. Qxg5+ Ke8 30. Qe5+ Kf8 31. Qd6+ Kg8 32. Qd8+
Kh7 33. Qh4+ Kg8 34. Qg5+ Kh7 35. Qh5+ 1-0

[Event "GBR-ch106"]
[Site "Torquay"]
[Date "2019.07.27"]
[Round "1.23"]
[White "Ashton, Adam G"]
[Black "Donaldson, Thomas R"]
[Result "1-0"]
[WhiteElo "2323"]
[BlackElo "2065"]
[PlyCount "132"]
[EventDate "2019.07.27"]
[EventType "swiss"]
[EventRounds "9"]
[EventCountry "GBR"]

1. e4 e5 2. Nf3 Nc6 3. Bb5 a6 4. Ba4 Nf6 5. O-O Be7 6. d3 b5 7. Bb3 d6 8. a3
O-O 9. Nc3 Bg4 10. Be3 Nd4 11. Bxd4 exd4 12. Nd5 c5 13. h3 Be6 14. Nxf6+ Bxf6
15. Bxe6 fxe6 16. Nh2 e5 17. a4 b4 18. Qg4 Bg5 19. g3 Qf6 20. b3 g6 21. h4 Bd2
22. Qe2 Bc3 23. Rad1 Qe7 24. Qg4 Kg7 25. f4 h5 26. Qg5 Qxg5 27. fxg5 Rfe8 28.
Rf6 Rad8 29. Kf2 a5 30. Ke2 d5 31. Rdf1 Re7 32. Rc6 c4 33. bxc4 dxe4 34. dxe4
b3 35. cxb3 d3+ 36. Ke3 d2 37. Ke2 Rd4 38. Nf3 Rxe4+ 39. Kd3 Re1 40. Nxd2 Bxd2
41. Rff6 Rd7+ 42. Kc2 Bb4 43. Rxg6+ Kf7 44. Rcf6+ Ke7 45. Rg7+ Kd8 46. Rxd7+
Kxd7 47. g6 Re4 48. Rf5 Ke6 49. Rxh5 Rg4 50. Rh6 Kf6 51. h5 Rxg3 52. Rh7 e4 53.
Rf7+ Ke6 54. Rf2 Bc3 55. h6 Bf6 56. g7 Rc3+ 57. Kd1 Rd3+ 58. Ke2 Rd8 59. Rg2
Kf7 60. Ke3 Re8 61. Rg4 Kg8 62. Rxe4 Bg5+ 63. Kd3 Rxe4 64. Kxe4 Bxh6 65. c5 Bg5
66. c6 Bd8 1-0

[Event "GBR-ch106"]
[Site "Torquay"]
[Date "2019.07.27"]
[Round "1.25"]
[White "Pein, Malcolm"]
[Black "Yoon, Jacob D"]
[Result "1/2-1/2"]
[WhiteElo "2312"]
[BlackElo "1963"]
[PlyCount "132"]
[EventDate "2019.07.27"]
[EventType "swiss"]
[EventRounds "9"]
[EventCountry "GBR"]

1. Nf3 e6 2. d4 d5 3. c4 c6 4. Qc2 Bd6 5. e4 dxe4 6. Qxe4 Nf6 7. Qc2 c5 8. dxc5
Bxc5 9. Nc3 Nbd7 10. Be2 O-O 11. O-O Qc7 12. a3 a6 13. Bg5 b6 14. Rad1 Bb7 15.
Bh4 Rfe8 16. Bg3 e5 17. Qf5 Rad8 18. Nd5 Nxd5 19. cxd5 Bd6 20. Bh4 f6 21. Bg3
Nf8 22. Rc1 Qf7 23. Rfd1 Rc8 24. Rxc8 Rxc8 25. Nd2 Rd8 26. Qd3 Qxd5 27. Qxd5+
Bxd5 28. Bxa6 Bc7 29. Nc4 Bc6 30. Rxd8 Bxd8 31. f3 Bc7 32. Bf2 Nd7 33. Nd2 Bd5
34. b4 Kf7 35. Bb5 Ke7 36. Nc4 Bxc4 37. Bxc4 Nb8 38. Bb5 Kd6 39. Kf1 Nc6 40.
Bd3 g6 41. Ke1 f5 42. Kd2 Ne7 43. Kc3 Nd5+ 44. Kc4 Nf4 45. Bf1 Nd5 46. g3 e4
47. fxe4 fxe4 48. Bg2 e3 49. Be1 Nf6 50. Kd3 Ng4 51. a4 Nxh2 52. Kxe3 Ng4+ 53.
Kf4 Nf6 54. Kg5 Ng8 55. a5 bxa5 56. bxa5 Bd8+ 57. Kf4 Nf6 58. Bb4+ Ke6 59. a6
Bb6 60. Kg5 Be3+ 61. Kh4 g5+ 62. Kh3 g4+ 63. Kh2 Ba7 64. Bb7 h5 65. Kg2 Nd5 66.
Bd2 Ne3+ 1/2-1/2

[Event "GBR-ch106"]
[Site "Torquay"]
[Date "2019.07.28"]
[Round "2.1"]
[White "Palliser, Richard JD"]
[Black "Howell, David WL"]
[Result "1/2-1/2"]
[WhiteElo "2399"]
[BlackElo "2697"]
[PlyCount "116"]
[EventDate "2019.07.27"]
[EventType "swiss"]
[EventRounds "9"]
[EventCountry "GBR"]

1. d4 Nf6 2. c4 e6 3. Nc3 Bb4 4. f3 c5 5. d5 d6 6. e4 O-O 7. Nge2 a6 8. Ng3 b5
9. Bf4 exd5 10. cxd5 c4 11. a4 Ba5 12. Be2 Qb6 13. Qd2 Nbd7 14. Be3 Nc5 15. Bd4
Nfd7 16. Nf5 Ne5 17. Ne7+ Kh8 18. Nc6 b4 19. Nd1 f5 20. Qg5 Bd7 21. Nxe5 dxe5
22. Bxe5 Rf7 23. Ne3 h6 24. Qf4 b3+ 25. Kf1 Bd2 26. Bd4 c3 27. bxc3 Qa5 28.
Qxh6+ Kg8 29. Nc4 b2 30. Rb1 gxh6 31. Nxa5 Nxa4 32. e5 Bb5 33. c4 Bxa5 34. cxb5
axb5 35. Bxb5 Bc3 36. Bxa4 Bxd4 37. e6 Rxa4 38. exf7+ Kxf7 39. Ke2 Ke7 40. Rhd1
Kd6 41. Rxd4 Rxd4 42. Rxb2 Rh4 43. Ke3 Rxh2 44. Kf4 Kxd5 45. Kxf5 h5 46. Rd2+
Kc5 47. Kf4 h4 48. Ke3 h3 49. gxh3 Rxh3 50. Ke4 Rh8 51. Rd5+ Kc6 52. f4 Re8+
53. Kd4 Re6 54. f5 Rd6 55. Rxd6+ Kxd6 56. f6 Ke6 57. Ke4 Kf7 58. Kd4 Kxf6
1/2-1/2

[Event "GBR-ch106"]
[Site "Torquay"]
[Date "2019.07.28"]
[Round "2.6"]
[White "Ashton, Adam G"]
[Black "Williams, Simon K"]
[Result "1-0"]
[WhiteElo "2323"]
[BlackElo "2468"]
[PlyCount "85"]
[EventDate "2019.07.27"]
[EventType "swiss"]
[EventRounds "9"]
[EventCountry "GBR"]

1. e4 e6 2. d4 d5 3. Nc3 Nf6 4. e5 Nfd7 5. f4 c5 6. Nf3 Nc6 7. Be3 Be7 8. Qd2
O-O 9. dxc5 Qa5 10. a3 Bxc5 11. Bxc5 Nxc5 12. O-O-O a6 13. Qf2 f6 14. exf6 Rxf6
15. g3 Bd7 16. Bg2 Na4 17. Nxa4 Qxa4 18. Qc5 Rc8 19. b3 Qe4 20. Nh4 Qe2 21. Bf3
Qb5 22. Qxb5 axb5 23. Rhe1 b4 24. a4 Na5 25. Re3 Rff8 26. f5 Rc3 27. Rxc3 bxc3
28. Rd3 Nc6 29. Rxc3 d4 30. Rc5 exf5 31. Bxc6 bxc6 32. Nf3 f4 33. gxf4 Rxf4 34.
Ne5 Bf5 35. a5 Be4 36. a6 Rf8 37. a7 Ra8 38. Ra5 c5 39. Nd7 h5 40. Nb6 Rf8 41.
Rxc5 h4 42. h3 Kf7 43. Rh5 1-0

[Event "GBR-ch106"]
[Site "Torquay"]
[Date "2019.07.28"]
[Round "2.7"]
[White "Derakhshani, Borna"]
[Black "Arkell, Keith C"]
[Result "1/2-1/2"]
[WhiteElo "2300"]
[BlackElo "2461"]
[PlyCount "242"]
[EventDate "2019.07.27"]
[EventType "swiss"]
[EventRounds "9"]
[EventCountry "GBR"]

1. b3 c5 2. Bb2 Nc6 3. e3 Nf6 4. f4 d6 5. Nf3 g6 6. g3 Bg7 7. Bg2 O-O 8. O-O e5
9. fxe5 Ng4 10. h3 Ngxe5 11. Nxe5 dxe5 12. Nc3 e4 13. Ba3 Qa5 14. Na4 b5 15.
Bxc5 bxa4 16. Bxf8 Kxf8 17. Bxe4 Qc7 18. Qf3 Bb7 19. d4 Nxd4 20. exd4 Bxe4 21.
Qxe4 Qxg3+ 22. Kh1 Qxh3+ 23. Kg1 Qg3+ 24. Kh1 Qh3+ 25. Kg1 Rd8 26. Rad1 Qg3+
27. Kh1 Qh3+ 28. Kg1 f5 29. Qf3 Qxf3 30. Rxf3 Rxd4 31. Rxd4 Bxd4+ 32. Kg2 axb3
33. Rxb3 Ke7 34. Rb7+ Ke6 35. Rxh7 g5 36. Kf3 g4+ 37. Kf4 Be5+ 38. Kg5 Bf6+ 39.
Kf4 Be5+ 40. Kg5 Bc3 41. Rxa7 g3 42. Ra6+ Ke5 43. Kh4 Kf4 44. Kh3 Be5 45. Ra3
Ke4 46. Rd3 f4 47. Kg2 Bd4 48. a4 Bb6 49. Rb3 Bc7 50. Rf3 Ba5 51. c4 Bc7 52.
Ra3 Ba5 53. Rb3 Bc7 54. c5 Kd5 55. Rc3 Kd4 56. Rc1 Ke4 57. Re1+ Kd5 58. Re7 Kc6
59. Kf3 Bd8 60. Re8 Ba5 61. Rc8+ Kb7 62. Rf8 Kc6 63. Rxf4 Kxc5 64. Rg4 Bc7 65.
Ke3 Kb6 66. Kd3 Ka5 67. Kc3 Bb8 68. Kb3 Bc7 69. Rg5+ Ka6 70. Kc4 Bf4 71. Rg4
Bc7 72. Rg7 Bf4 73. Kb3 Ka5 74. Rg4 Bc7 75. Rg7 Bf4 76. Rf7 Be3 77. Rf5+ Ka6
78. Rf6+ Ka5 79. Rg6 Bf4 80. Kc4 Bc7 81. Rg5+ Ka6 82. Kc5 Bf4 83. Rg4 Be5 84.
Kd5 Bb8 85. Kc6 Ka5 86. Rg8 Ba7 87. Rxg3 Kxa4 88. Kd5 Kb4 89. Rg4+ Kc3 90. Ra4
Bb6 91. Ra3+ Kb4 92. Ra1 Kc3 93. Rc1+ Kd3 94. Rb1 Bc7 95. Rb3+ Ke2 96. Rc3 Bb8
97. Ke4 Kf2 98. Rc8 Bd6 99. Rc2+ Kg3 100. Rc6 Bb8 101. Rf6 Kg2 102. Rf7 Bh2
103. Rg7+ Kf2 104. Rf7+ Kg2 105. Ke3 Bg1+ 106. Ke2 Bc5 107. Rg7+ Kh1 108. Kf3
Bd6 109. Rg2 Bc7 110. Rc2 Bb6 111. Kg3 Bg1 112. Rb2 Bc5 113. Rb1+ Bg1 114. Kf3
Kh2 115. Rb2+ Kh1 116. Rg2 Bc5 117. Rg5 Bd6 118. Kf2 Bh2 119. Kf1 Bd6 120. Rd5
Bc7 121. Rd1 Kh2 1/2-1/2

[Event "GBR-ch106"]
[Site "Torquay"]
[Date "2019.07.28"]
[Round "2.8"]
[White "Haria, Ravi"]
[Black "Claridge-Hansen, William"]
[Result "1-0"]
[WhiteElo "2430"]
[BlackElo "2297"]
[PlyCount "73"]
[EventDate "2019.07.27"]
[EventType "swiss"]
[EventRounds "9"]
[EventCountry "GBR"]

1. e4 d5 2. exd5 Qxd5 3. Nc3 Qd6 4. d4 Nf6 5. Nf3 c6 6. Ne5 Nbd7 7. Nc4 Qc7 8.
Qf3 Nb6 9. Ne5 Be6 10. Bf4 Qc8 11. Rg1 g6 12. g4 Bg7 13. O-O-O O-O 14. h4 Nbd7
15. Be2 Nd5 16. Nxd5 Bxd5 17. Qe3 Nxe5 18. Bxe5 Qe6 19. f4 f6 20. f5 Qf7 21.
Bf4 e5 22. dxe5 fxe5 23. Bh2 Kh8 24. Rdf1 Qe7 25. fxg6 hxg6 26. g5 e4 27. Kb1
Qb4 28. Rf6 Qb6 29. Qf4 Qd4 30. Rf1 Bg8 31. h5 Qd5 32. c4 Qd7 33. hxg6 Qh3 34.
Qc1 Bxf6 35. gxf6 Rxf6 36. Be5 Raf8 37. Rxf6 1-0

[Event "GBR-ch106"]
[Site "Torquay"]
[Date "2019.07.28"]
[Round "2.10"]
[White "Eggleston, David J"]
[Black "Storey, Charles H"]
[Result "1-0"]
[WhiteElo "2399"]
[BlackElo "2261"]
[PlyCount "91"]
[EventDate "2019.07.27"]
[EventType "swiss"]
[EventRounds "9"]
[EventCountry "GBR"]

1. e4 e6 2. d4 d5 3. Nd2 dxe4 4. Nxe4 Nf6 5. Nxf6+ gxf6 6. Nf3 c5 7. Bd3 Bd7 8.
dxc5 Na6 9. a4 Bxc5 10. Qe2 Nb4 11. Bb5 Nc6 12. c3 a6 13. Bd3 Qc7 14. Be3 Bd6
15. O-O Ne7 16. c4 Bc6 17. h3 Ng6 18. c5 Be5 19. Nxe5 fxe5 20. Bg5 f5 21. Bc4
Qf7 22. Rfd1 Rg8 23. Rd6 Nf8 24. f4 e4 25. Rad1 Qg6 26. h4 h6 27. h5 Qg7 28.
Bh4 Qg4 29. Qxg4 Rxg4 30. g3 Bxa4 31. b3 Bd7 32. b4 Rg7 33. Kf2 Rc8 34. Rb6 Bc6
35. Rd6 Rd7 36. Bxe6 Rxd6 37. Bxc8 Rd2+ 38. Ke1 Rd7 39. Bxb7 Bxb7 40. c6 Bxc6
41. Rxc6 Rd4 42. Rxh6 Rxb4 43. Rxa6 Rb5 44. Ra7 Rb1+ 45. Kd2 Rb3 46. Re7+ 1-0

[Event "GBR-ch106"]
[Site "Torquay"]
[Date "2019.07.28"]
[Round "2.12"]
[White "Yoon, Jacob D"]
[Black "Pert, Richard G"]
[Result "0-1"]
[WhiteElo "1963"]
[BlackElo "2430"]
[PlyCount "124"]
[EventDate "2019.07.27"]
[EventType "swiss"]
[EventRounds "9"]
[EventCountry "GBR"]

1. e4 c6 2. d4 d5 3. Nc3 dxe4 4. Nxe4 Nf6 5. Nxf6+ exf6 6. c3 Bd6 7. Bd3 O-O 8.
Ne2 Re8 9. O-O Nd7 10. Bf4 Nf8 11. Bxd6 Qxd6 12. Ng3 Ng6 13. Qh5 Qf4 14. Bf5
Be6 15. Rfe1 Bd5 16. Bxg6 hxg6 17. Qd1 f5 18. Qd3 Qh4 19. c4 Be6 20. d5 cxd5
21. cxd5 Red8 22. d6 Qb4 23. Red1 Rac8 24. a3 Qxb2 25. Rab1 Qc3 26. Qxc3 Rxc3
27. Rxb7 Rxa3 28. h3 Ra6 29. f3 Raxd6 30. Rxd6 Rxd6 31. Rxa7 Rd1+ 32. Kh2 g5
33. Rb7 g6 34. Rb2 Kg7 35. Rc2 Kh6 36. Nh1 g4 37. hxg4 fxg4 38. fxg4 Bxg4 39.
Nf2 Rd4 40. Nxg4+ Rxg4 41. Rb2 f5 42. Kg1 Kg5 43. Kf2 Ra4 44. g3 Kg4 45. Rc2
Kh3 46. Rc6 Ra2+ 47. Kf1 g5 48. Rc3 g4 49. Rb3 Rg2 50. Rb5 Kxg3 51. Rxf5 Ra2
52. Rg5 Ra1+ 53. Ke2 Rg1 54. Rg8 Kh2 55. Kf2 g3+ 56. Kf3 Rf1+ 57. Ke2 g2 58.
Rh8+ Kg1 59. Rh7 Rf5 60. Ra7 Rh5 61. Kf3 Rh3+ 62. Ke2 Kh2 0-1

[Event "GBR-ch106"]
[Site "Torquay"]
[Date "2019.07.28"]
[Round "2.15"]
[White "Bradbury, Neil H"]
[Black "Brewer, Callum D"]
[Result "1/2-1/2"]
[WhiteElo "2322"]
[BlackElo "2086"]
[PlyCount "75"]
[EventDate "2019.07.27"]
[EventType "swiss"]
[EventRounds "9"]
[EventCountry "GBR"]

1. d4 Nf6 2. c4 e6 3. Nf3 d5 4. g3 Be7 5. Bg2 O-O 6. O-O dxc4 7. Nc3 c5 8. dxc5
Nc6 9. Qa4 Qa5 10. Qxc4 Qxc5 11. Qb3 e5 12. Be3 Qb4 13. Qxb4 Bxb4 14. a3 Bxc3
15. bxc3 Nd5 16. Bc5 Re8 17. Rfc1 Bf5 18. Nd2 e4 19. Nc4 b6 20. Bd4 Rad8 21. a4
Bc8 22. e3 Ba6 23. Bf1 Bxc4 24. Bxc4 Na5 25. Bb5 Nb3 26. Bxe8 Rxe8 27. c4 Nxc1
28. Rxc1 Nb4 29. a5 bxa5 30. Bxa7 Rc8 31. Bd4 Nd3 32. Rc3 f5 33. f3 a4 34. fxe4
fxe4 35. c5 Rc7 36. Rc4 a3 37. Ra4 Nxc5 38. Rxa3 1/2-1/2

[Event "GBR-ch106"]
[Site "Torquay"]
[Date "2019.07.28"]
[Round "2.16"]
[White "Crickmore, Neil EG"]
[Black "Pein, Malcolm"]
[Result "0-1"]
[WhiteElo "2187"]
[BlackElo "2312"]
[PlyCount "120"]
[EventDate "2019.07.27"]
[EventType "swiss"]
[EventRounds "9"]
[EventCountry "GBR"]

1. d4 Nf6 2. c4 g6 3. Nc3 d5 4. cxd5 Nxd5 5. Bd2 Bg7 6. e4 Nb6 7. Be3 O-O 8.
Bb5 c6 9. Be2 Na6 10. h3 Nc7 11. Nf3 f5 12. exf5 Bxf5 13. Qd2 Ncd5 14. Bh6 Qd6
15. Bxg7 Kxg7 16. Ne5 Rad8 17. Rd1 Nb4 18. O-O Bc2 19. a3 Bxd1 20. Rxd1 N4d5
21. Ne4 Qc7 22. Nc5 Nf4 23. Qxf4 Rxf4 24. Ne6+ Kg8 25. Nxc7 Rfxd4 26. Rxd4 Rxd4
27. Bf3 Rd2 28. b4 Ra2 29. b5 cxb5 30. Nxb5 a6 31. Nd4 Rxa3 32. Bxb7 Ra1+ 33.
Kh2 a5 34. f4 a4 35. Nc4 Nxc4 36. Bd5+ Kf8 37. Bxc4 a3 38. Ne6+ Ke8 39. Ng5 Rb1
40. Nxh7 Rb4 41. Be6 Rxf4 42. Ng5 Rf2 43. Kg3 a2 44. Kxf2 a1=Q 45. h4 Qd4+ 46.
Kg3 Qe3+ 47. Kg4 Qe2+ 48. Kh3 Kf8 49. Bg4 Qe1 50. Bf3 Qh1+ 51. Kg4 Kg7 52. Be4
Kf6 53. Nh7+ Ke5 54. Ng5 Qd1+ 55. Kg3 Qe1+ 56. Kg4 Qe2+ 57. Kg3 Qe3+ 58. Kg4
Qf4+ 59. Kh3 Qxg5 60. hxg5 Kxe4 0-1

[Event "GBR-ch106"]
[Site "Torquay"]
[Date "2019.07.28"]
[Round "2.19"]
[White "Hand, Freddie"]
[Black "Taylor, Adam C"]
[Result "1/2-1/2"]
[WhiteElo "2142"]
[BlackElo "2402"]
[PlyCount "138"]
[EventDate "2019.07.27"]
[EventType "swiss"]
[EventRounds "9"]
[EventCountry "GBR"]

1. d4 Nf6 2. c4 e6 3. Nc3 Bb4 4. f3 d5 5. a3 Bxc3+ 6. bxc3 c5 7. cxd5 Nxd5 8.
dxc5 Qa5 9. e4 Nf6 10. Be3 O-O 11. Qb3 Nfd7 12. Bb5 Na6 13. a4 Naxc5 14. Qa3 a6
15. Be2 f5 16. exf5 exf5 17. Bc4+ Kh8 18. Ne2 Re8 19. Bd4 Ne5 20. Qxc5 Qxc5 21.
Bxc5 Nxc4 22. Kf2 b6 23. Bd4 Bd7 24. Nf4 Bc6 25. Rhe1 Kg8 26. Nh5 Rad8 27. Bxg7
Rxe1 28. Rxe1 Be8 29. Rxe8+ Rxe8 30. Nf6+ Kxg7 31. Nxe8+ Kf7 32. Nc7 a5 33. Nd5
Ke6 34. Nf4+ Kd6 35. Nd3 Kd5 36. Ke2 h6 37. h4 Nd6 38. Nb2 f4 39. Nd3 Kc4 40.
Nxf4 b5 41. axb5 Nxb5 42. Kd2 Nxc3 43. g4 a4 44. g5 a3 45. g6 a2 46. g7 Nb1+
47. Kc2 a1=Q 48. g8=Q+ Kb5 49. Qe8+ Kb6 50. Qb8+ Kc6 51. Qc8+ Kb6 52. Qb8+ Kc6
53. Qc8+ Kb6 54. Nd5+ Kb5 55. Nc7+ Kc6 56. Na6+ Kd6 57. Qd8+ Kc6 58. Qc7+ Kb5
59. Qb7+ Ka5 60. Qxb1 Qa4+ 61. Qb3 Qxh4 62. Nb8 Qf2+ 63. Kc1 Qe1+ 64. Kb2 Qe2+
65. Ka1 Qe5+ 66. Kb1 Qe1+ 67. Ka2 Qe2+ 68. Ka1 Qe5+ 69. Kb1 Qe1+ 1/2-1/2

[Event "GBR-ch106"]
[Site "Torquay"]
[Date "2019.07.28"]
[Round "2.21"]
[White "Krzyzanowski, Patryk"]
[Black "Rudd, Jack"]
[Result "0-1"]
[WhiteElo "2114"]
[BlackElo "2275"]
[PlyCount "78"]
[EventDate "2019.07.27"]
[EventType "swiss"]
[EventRounds "9"]
[EventCountry "GBR"]

1. c4 e6 2. Nf3 c5 3. g3 b6 4. Bg2 Bb7 5. O-O Nf6 6. Nc3 Be7 7. b3 O-O 8. Bb2
Nc6 9. d4 cxd4 10. Nxd4 Qc8 11. e4 d6 12. Rc1 Nxd4 13. Qxd4 Rd8 14. Kh1 Qc5 15.
Qd2 Rac8 16. h3 Qc7 17. Kh2 Qb8 18. f4 a6 19. Qe2 Nd7 20. Nd1 Bc6 21. f5 e5 22.
Nc3 b5 23. cxb5 axb5 24. Rfd1 Nf6 25. b4 Qb7 26. a3 Be8 27. g4 h6 28. h4 Rc4
29. g5 hxg5 30. hxg5 Nh7 31. g6 fxg6 32. fxg6 Bxg6 33. Nxb5 Rxc1 34. Rxc1 Bg5
35. Rc7 Bf4+ 36. Kh1 Qb6 37. Qc4+ d5 38. exd5 Qf2 39. Qc3 Be4 0-1

[Event "GBR-ch106"]
[Site "Torquay"]
[Date "2019.07.28"]
[Round "2.22"]
[White "Moore, Graham J"]
[Black "Jones, Steven A"]
[Result "0-1"]
[WhiteElo "2264"]
[BlackElo "2117"]
[PlyCount "132"]
[EventDate "2019.07.27"]
[EventType "swiss"]
[EventRounds "9"]
[EventCountry "GBR"]

1. e4 e5 2. Nf3 Nc6 3. d4 exd4 4. Nxd4 Bc5 5. Nb3 Bb6 6. Nc3 d6 7. Qe2 a5 8. a4
Nb4 9. Nb5 Qh4 10. g3 Qf6 11. Bg2 Bg4 12. Qd2 Ne7 13. O-O O-O 14. c3 Nbc6 15.
Qg5 Qxg5 16. Bxg5 f6 17. Bf4 Ng6 18. h3 Be6 19. N3d4 Bc4 20. Rfd1 Nce5 21. Be3
Ne7 22. b3 Bf7 23. Rab1 g6 24. Nc2 Bxe3 25. Nxe3 Rac8 26. h4 Be6 27. Nd4 Bd7
28. f4 Ng4 29. Nxg4 Bxg4 30. Re1 Nc6 31. Nb5 Kg7 32. Kf2 Rf7 33. Re3 Re8 34.
Bf3 Bxf3 35. Kxf3 Nb8 36. Nd4 Nd7 37. h5 Rfe7 38. g4 Nc5 39. Rbe1 Kg8 40. h6
Kf7 41. c4 c6 42. Nc2 Kf8 43. Na3 f5 44. gxf5 gxf5 45. e5 dxe5 46. fxe5 Re6 47.
Kf4 Rxh6 48. Kxf5 Ke7 49. e6 Rf6+ 50. Ke5 Nd3+ 51. Rxd3 Rxe6+ 52. Kd4 Rd8+ 53.
Kc5 Rxd3 54. Rb1 Re2 55. Kb6 Ree3 56. Nb5 cxb5 57. cxb5 Rxb3 58. Rh1 Rh3 59.
Rc1 Rb4 60. Kxa5 Rhh4 61. Kb6 Rxa4 62. Kxb7 Rab4 63. b6 Rh2 64. Rc7+ Ke6 65.
Rc6+ Kd5 66. Kc7 Rc4 0-1

[Event "GBR-ch106"]
[Site "Torquay"]
[Date "2019.07.29"]
[Round "3.4"]
[White "Howell, David WL"]
[Black "D'Costa, Lorin"]
[Result "1-0"]
[WhiteElo "2697"]
[BlackElo "2396"]
[PlyCount "81"]
[EventDate "2019.07.27"]
[EventType "swiss"]
[EventRounds "9"]
[EventCountry "GBR"]

1. Nf3 Nf6 2. c4 b6 3. Nc3 e6 4. e4 Bb7 5. Qe2 c5 6. e5 Ng8 7. d4 cxd4 8. Nxd4
Nc6 9. Nxc6 Bxc6 10. h4 Ne7 11. h5 Nf5 12. Bf4 Be7 13. Rh3 Bg5 14. Bh2 O-O 15.
h6 Nxh6 16. f4 Bh4+ 17. g3 Be7 18. O-O-O f5 19. exf6 Rxf6 20. g4 Rf7 21. Qc2
Qf8 22. Bd3 Rxf4 23. Bxf4 Qxf4+ 24. Kb1 Qxg4 25. Re3 Kh8 26. Be4 Rf8 27. Bxc6
dxc6 28. Re4 Qg6 29. Rde1 Rf6 30. Qa4 Nf5 31. Qxa7 h5 32. a3 Bc5 33. Ka2 Bf2
34. Rd1 Kh7 35. Qa8 c5 36. Rd8 Qf7 37. Re2 Ng3 38. Ne4 Nxe4 39. Rh8+ Kg6 40.
Qxe4+ Kg5 41. Qg2+ 1-0

[Event "GBR-ch106"]
[Site "Torquay"]
[Date "2019.07.29"]
[Round "3.6"]
[White "Tan, Justin"]
[Black "Willow, Jonah B"]
[Result "1-0"]
[WhiteElo "2513"]
[BlackElo "2343"]
[PlyCount "73"]
[EventDate "2019.07.27"]
[EventType "swiss"]
[EventRounds "9"]
[EventCountry "GBR"]

1. e4 c5 2. Nf3 e6 3. d4 cxd4 4. Nxd4 Nc6 5. Nc3 Qc7 6. Be3 Nf6 7. Qf3 a6 8.
O-O-O Rb8 9. Be2 Bb4 10. e5 Bxc3 11. exf6 Bxd4 12. Bxd4 Nxd4 13. Rxd4 Qe5 14.
fxg7 Rg8 15. Rhd1 Rxg7 16. Bf1 f5 17. Qc3 Qf6 18. Rxd7 Qxc3 19. Rd8+ Kf7 20.
bxc3 Rg8 21. Rxg8 Kxg8 22. Rd8+ Kf7 23. f4 Ke7 24. Rh8 Kd6 25. h4 Kc7 26. Rxh7+
Bd7 27. Rg7 Kd6 28. Be2 Bc6 29. g3 Kd5 30. Rg6 Re8 31. Bd3 Bd7 32. Kd2 b5 33.
Ke3 Rc8 34. h5 Rh8 35. h6 Be8 36. Rf6 Bh5 37. Bxf5 1-0

[Event "GBR-ch106"]
[Site "Torquay"]
[Date "2019.07.29"]
[Round "3.10"]
[White "Bates, Richard A"]
[Black "Houska, Jovanka"]
[Result "0-1"]
[WhiteElo "2352"]
[BlackElo "2422"]
[PlyCount "46"]
[EventDate "2019.07.27"]
[EventType "swiss"]
[EventRounds "9"]
[EventCountry "GBR"]

1. d4 d5 2. c4 c6 3. Nf3 Nf6 4. e3 e6 5. Bd3 Nbd7 6. O-O Bd6 7. Nc3 dxc4 8.
Bxc4 b5 9. Bd3 Bb7 10. e4 e5 11. dxe5 Nxe5 12. Nxe5 Bxe5 13. f4 Bd4+ 14. Kh1 h5
15. e5 Ng4 16. Ne4 Qh4 17. h3 c5 18. Bxb5+ Kf8 19. Qf3 Bxe4 20. Qxe4 Rb8 21.
Qd5 Qg3 22. Qd6+ Kg8 23. Qxb8+ Kh7 0-1